【プロ野球】2026年のパ・リーグ所属の選手 - Statistics

General Stats
  • This quiz has been taken 12 times
    2 since last reset
  • The average score is 170 of 396
Answer Stats
背番号 選手名 % Correct
10 上沢直之
100%
13 稲川竜汰
100%
19 大津亮介
100%
35 モイネロ
100%
47 大関友久
100%
54 オスナ
100%
64 上茶谷大河
100%
62 海野隆司
100%
4 ダウンズ
100%
8 牧原大成
100%
3 近藤健介
100%
9 柳田悠岐
100%
23 周東佑京
100%
32 柳町達
100%
14 加藤貴之
100%
20 上原健太
100%
26 田中正義
100%
37 古林睿煬
100%
74 有原航平
100%
64 田宮裕涼
100%
4 上川畑大悟
100%
21 清宮幸太郎
100%
66 万波中正
100%
99 レイエス
100%
00 エスピノーザ
100%
12 東晃平
100%
18 宮城大弥
100%
29 田嶋大樹
100%
42 マチャド
100%
2 若月健矢
100%
4 森友哉
100%
6 宗佑磨
100%
24 紅林弘太郎
100%
30 廣岡大志
100%
45 シーモア
100%
67 中川圭太
100%
11 岸孝之
100%
21 早川隆久
100%
31 渡辺翔太
100%
43 宋家豪
100%
57 瀧中瞭太
100%
2 太田光
100%
27 伊藤光
100%
65 堀内謙伍
100%
3 浅村栄斗
100%
7 鈴木大地
100%
9 ボイト
100%
24 黒川史陽
100%
35 渡邊佳明
100%
12 ゴンザレス
100%
34 マッカスカー
100%
51 小郷裕哉
100%
16 隅田知一郎
100%
17 松本航
100%
45 ウィンゲンター
100%
61 平良海馬
100%
10 小島大河
100%
4 石井一成
100%
5 外崎修汰
100%
26 ネビン
100%
39 平沢大河
100%
7 桑原将志
100%
9 蛭間拓哉
100%
51 西川愛也
100%
63 長谷川信哉
100%
68 岸潤一郎
100%
16 種市篤暉
100%
36 坂本光士郎
100%
65 寺地隆成
100%
4 友杉篤輝
100%
57 小川龍成
100%
67 茶谷健太
100%
99 ソト
100%
1 藤原恭大
100%
3 角中勝也
100%
6 西川史礁
100%
23 石川慎吾
100%
61 山本大斗
100%
63 和田康士朗
100%
55 YG安田
100%
2 スチュワート・ジュニア
50%
11 津森宥紀
50%
16 東浜巨
50%
18 徐若熙
50%
20 村上泰斗
50%
27 岩井俊介
50%
30 中村稔弥
50%
39 尾形崇斗
50%
40 杉山一樹
50%
41 前田悠伍
50%
42 伊藤優輔
50%
48 藤井皓哉
50%
49 松本晴
50%
51 前田純
50%
53 大山凌
50%
60 大野稼頭央
50%
63 ヘルナンデス
50%
66 松本裕樹
50%
68 木村光
50%
00 渡邉陸
50%
12 嶺井博希
50%
45 谷川原健太
50%
0 川瀬晃
50%
5 山川穂高
50%
6 今宮健太
50%
7 中村晃
50%
25 庄子雄大
50%
33 廣瀨隆太
50%
36 イヒネイツア
50%
52 秋広優人
50%
56 髙橋隆慶
50%
99 野村勇
50%
31 正木智也
50%
44 笹川吉康
50%
57 緒方理貢
50%
61 川村友斗
50%
12 矢澤宏太
50%
15 北山亘基
50%
16 達孝太
50%
17 伊藤大海
50%
18 山﨑福也
50%
19 玉井大翔
50%
27 大川慈英
50%
28 河野竜生
50%
29 細野晴希
50%
35 浅利太門
50%
40 島本浩也
50%
41 福谷浩司
50%
45 福島蓮
50%
47 柳川大晟
50%
48 齋藤友貴哉
50%
52 池田隆英
50%
96 孫易磊
50%
2 マルティネス
50%
3 郡司裕也
50%
10 清水優心
50%
33 進藤勇也
50%
60 吉田賢吾
50%
5 野村佑希
50%
9 中島卓也
50%
43 水野達稀
50%
54 山縣秀
50%
7 西川遥輝
50%
8 淺間大基
50%
42 エドポロケイン
50%
50 五十幡亮汰
50%
53 水谷瞬
50%
61 今川優馬
50%
13 寺西成騎
50%
16 平野佳寿
50%
17 曽谷龍平
50%
19 山岡泰輔
50%
20 阿部翔太
50%
21 山﨑颯一郎
50%
22 九里亜蓮
50%
41 佐藤龍月
50%
66 博志
50%
94 川瀬堅斗
50%
95 才木海翔
50%
32 福永奨
50%
37 石川亮
50%
44 頓宮裕真
50%
1 太田椋
50%
5 西野真弘
50%
10 大城滉二
50%
7 西川龍馬
50%
8 麦谷祐介
50%
38 来田涼斗
50%
61 平沼翔太
50%
99 杉本裕太郎
50%
15 コントレラス
50%
17 古謝樹
50%
18 前田健太
50%
19 荘司康誠
50%
22 ウレーニャ
50%
28 酒居知史
50%
41 加治屋蓮
50%
46 藤平尚真
50%
47 藤井聖
50%
49 西垣雅矢
50%
52 津留﨑大成
50%
56 鈴木翔天
50%
58 辛島航
50%
62 西口直人
50%
64 林優樹
50%
69 内星龍
50%
70 石原彪
50%
0 小深田大翔
50%
1 宗山塁
50%
6 村林一輝
50%
39 伊藤裕季也
50%
63 入江大樹
50%
8 辰己涼介
50%
32 中島大輔
50%
36 吉納翼
50%
38 佐藤直樹
50%
78 吉野創士
50%
11 上田大河
50%
13 髙橋光成
50%
20 岩城颯空
50%
21 武内夏暉
50%
34 甲斐野央
50%
36 山田陽翔
50%
43 羽田慎之介
50%
52 篠原響
50%
22 古賀悠斗
50%
27 炭谷銀仁朗
50%
00 仲田慶介
50%
0 児玉亮涼
50%
6 源田壮亮
50%
60 中村剛也
50%
62 滝澤夏央
50%
1 栗山巧
50%
8 渡部聖弥
50%
25 カナリオ
50%
31 茶野篤政
50%
35 秋山俊
50%
73 林安可
50%
11 カスティーヨ
50%
13 毛利海大
50%
14 小島和哉
50%
15 横山陸人
50%
18 石垣元気
50%
19 唐川侑己
50%
21 石川柊太
50%
24 東妻勇輔
50%
29 西野勇士
50%
31 大谷輝龍
50%
33 八木彬
50%
34 高野脩汰
50%
35 田中晴也
50%
37 小野郁
50%
42 ジャクソン
50%
47 鈴木昭汰
50%
52 益田直也
50%
53 木村優人
50%
54 澤田圭佑
50%
56 中森俊介
50%
58 河村説人
50%
66 宮﨑颯
50%
73 ロング
50%
91 吉川悠斗
50%
2 松川虎生
50%
27 田村龍弘
50%
32 佐藤都志也
50%
45 植田将太
50%
00 池田来翔
50%
5 安田尚憲
50%
7 藤岡裕大
50%
8 中村奨吾
50%
10 上田希由翔
50%
43 石垣勝海
50%
55 櫻井ユウヤ
50%
0 髙部瑛斗
50%
22 ポランコ
50%
25 岡大海
50%
50 愛斗
50%
51 山口航輝
50%
77 山本恵大
50%
26 鈴木豪太
0%
28 安德駿
0%
29 大江竜聖
0%
50 相良雅斗
0%
58 木村大成
0%
69 岩崎峻典
0%
55 石塚綜一郎
0%
65 藤田悠太郎
0%
24 栗原陵矢
0%
43 井上朋也
0%
46 宇野真仁朗
0%
67 石見颯真
0%
13 生田目翼
0%
24 金村尚真
0%
25 宮西尚生
0%
30 ラオ
0%
31 柴田獅子
0%
32 藤田琉生
0%
34 堀瑞輝
0%
46 畔柳亨丞
0%
55 菊地大稀
0%
62 清水大暉
0%
63 山城航太郎
0%
67 山本拓実
0%
38 ライル・リン
0%
57 藤森海斗
0%
98 梅林優貴
0%
6 カストロ
0%
39 有薗直輝
0%
44 阪口樂
0%
49 大塚瑠晏
0%
51 半田南十
0%
56 細川凌平
0%
58 奈良間大己
0%
65 明瀬諒介
0%
36 宮崎一樹
0%
11 山下舜平大
0%
15 椋木蓮
0%
23 吉田輝星
0%
26 齋藤響介
0%
28 富山凌雅
0%
31 藤川敦也
0%
35 古田島成龍
0%
36 森陽樹
0%
40 岩嵜翔
0%
43 髙谷舟
0%
47 山口廉王
0%
48 東松快征
0%
49 片山楽生
0%
52 横山楓
0%
57 山田修義
0%
59 ペルドモ
0%
68 入山海斗
0%
69 ジェリー
0%
93 佐藤一磨
0%
96 髙島泰都
0%
98 権田琉成
0%
50 山中稜真
0%
60 野上士耀
0%
62 堀柊那
0%
9 野口智哉
0%
25 内藤鵬
0%
34 横山聖哉
0%
0 渡部遼人
0%
33 杉澤龍
0%
39 池田陵真
0%
58 窪田洋祐
0%
13 藤原聡大
0%
20 伊藤樹
0%
26 中込陽翔
0%
29 田中千晴
0%
40 江原雅裕
0%
45 九谷瑠
0%
53 坂井陽翔
0%
54 日當直喜
0%
59 泰勝利
0%
61 古賀康誠
0%
66 今野龍太
0%
67 大内誠弥
0%
71 柴田大地
0%
79 伊藤大晟
0%
44 田中貴也
0%
72 大栄利哉
0%
30 繁永晟
0%
48 平良竜哉
0%
60 ワォーターズ
0%
68 青野拓海
0%
73 小森航大郎
0%
75 陽柏翔
0%
25 田中和基
0%
42 阪上翔也
0%
50 武藤敦貴
0%
12 渡邉勇太朗
0%
15 與座海人
0%
19 佐藤隼輔
0%
23 糸川亮太
0%
29 青山美夏人
0%
30 ワイナンス
0%
40 堀越啓太
0%
41 成田晴風
0%
42 ボー・タカハシ
0%
46 狩生聖真
0%
47 杉山遙希
0%
54 黒木優太
0%
56 ラミレス
0%
57 黒田将矢
0%
58 中村祐太
0%
67 冨士大和
0%
70 豆田泰志
0%
71 菅井信也
0%
90 浜屋将太
0%
37 柘植世那
0%
53 牧野翔矢
0%
64 龍山暖
0%
2 齋藤大翔
0%
32 山村崇嘉
0%
38 佐藤太陽
0%
50 髙松渡
0%
59 横田蒼和
0%
99 村田怜音
0%
33 古川雄大
0%
44 林冠臣
0%
55 仲三優太
0%
66 川田悠慎
0%
28 菊地吏玖
0%
30 廣畑敦也
0%
40 奥村頼人
0%
41 一條力真
0%
46 冨士隼斗
0%
59 早坂響
0%
60 大聖
0%
62 坂井遼
0%
64 廣池康志郎
0%
69 岡村了樹
0%
44 宮崎竜成
0%
49 立松由宇
0%
39 井上広大
0%
No matching quizzes found
Score Distribution
Percent of People with Each Score
Percentile by Number Answered
Your Score History
You have not taken this quiz since the last reset